000 00634nam a2200217Ia 4500
003 GCL
008 140319s9999 xx 000 0 ara d
040 _aGCL /
_cGCL
082 0 4 _a953.1
_bح ش
100 1 _aحمود بن ضاوى القتامى
245 1 0 _aشمال الحجاز: الاثار معجم المواضع والقبائل /
_cحمود بن ضاوى القتامى
300 _aمتعدد
490 _a100 قصة
_v0
650 0 4 _aتاريخ
650 0 4 _aالاثار
650 0 4 _aالقبائل
650 0 4 _aالاثاث
650 0 4 _aالحجاز
650 0 4 _aشمال الحجاز
942 _2ddc
_cBK
999 _c43742
_d43742